El pergamino de la seducción / (Registro nro. 26288)
[ vista simple ]
| 000 -CABECERA | |
|---|---|
| campo fijo de control de longitud | 00752cam a22002537a 4500 |
| 001 - NÚMERO DE CONTROL | |
| campo de control | 26288 |
| 003 - IDENTIFICADOR DEL NÚMERO DE CONTROL | |
| campo de control | AR-RoBPED |
| 005 - FECHA Y HORADE LA ULTIMA TRANSACCION | |
| campo de control | 20260505171057.0 |
| 008 - ELEMENTOS DE LONGITUD FIJA--INFORMACION GENERAL | |
| campo fijo de control de longitud | 191203s2018 ag ||||| |||| 00| f spa d |
| 020 ## - ISBN | |
| ISBN | 9789507314780 |
| 040 ## - FUENTE CATALOGADORA | |
| Centro catalogador/agencia de origen | AR-RoBPED |
| 041 ## - IDIOMA | |
| Código de idioma para texto/pista de sonido o título independiente | spa |
| 100 1# - ENCABEZAMIENTO PRINCIPAL--AUTOR PERSONAL | |
| 9 (RLIN) | 15496 |
| Nombre de persona | Belli, Gioconda |
| Fechas nac-muerte | 1948- |
| 245 13 - TITULO | |
| Título | El pergamino de la seducción / |
| Mención de responsabilidad | Gioconda Belli. |
| 250 ## - EDICION | |
| Edición | 14 ed. |
| 260 ## - PUBLICACION | |
| Lugar | Buenos Aires : |
| Editor | Seix Barral, |
| Fecha | 2018. |
| 300 ## - DESCRIPCION FISICA | |
| Extensión | 331 p. |
| 490 0# - SERIE | |
| Mención de serie | Seix Barral novela histórica. |
| 650 17 - TERMINO DE MATERIA--CONTROLADO | |
| Término controlado | LITERATURA NICARAGÜENSE |
| Fuente del encabezamiento o término | |
| 9 (RLIN) | 3185 |
| 9 (RLIN) | 25 |
| Término controlado | NOVELAS |
| 9 (RLIN) | 520 |
| Término controlado | NOVELAS HISTORICAS |
| 942 ## - ELEMENTOS KOHA | |
| Fuente de clasificación | Universal Decimal Classification |
| Número Koha | k. 26288 |
| Koha tipo de ítem | Libro |
| Clasificación | 860(728.5)-31 |
| Signatura librística | B 36 pe |
| N° inventario | inv. 38750 |
No hay ítems disponibles.